| 000 | 00583nam a22001937a 4500 | ||
|---|---|---|---|
| 005 | 20170522111938.0 | ||
| 010 | _aENG-118299 | ||
| 020 |
_a9788171772995 _c2350 |
||
| 035 | _aEN-101831 | ||
| 037 | _bDBAD/PUB | ||
| 082 | _a345.5401 | ||
| 100 | _aMallick, M.R. | ||
| 245 |
_aGanguly's criminal court practice & procedure / _cby M.R. Mallick And Sukumar Ray |
||
| 250 | _aEleventh Edition | ||
| 260 |
_aKolkata _bEastern Law House _c2016 |
||
| 270 | _a54 Ganesh Chunder Avenue Kolkata-700013 | ||
| 300 |
_a2067p _c24cm.(Hb) |
||
| 942 |
_2ddc _cEN _h345.5401 _mMAL |
||
| 999 |
_c140181 _d140181 |
||